Proyecto metrológico de alianza estratégica LABCAL-MACNOR-FUNDEVI
Uloženo v:
| Hlavní autor: | |
|---|---|
| Další autoři: | |
| Médium: | Kniha |
| Vydáno: |
[San José, Costa Rica] : Universidad de Costa Rica, Facultad de Ingeniería, Instituto de Investigaciones en Ingeniería, Laboratorio de Metrología, Normalización y Calidad
2001
|
| Tagy: |
Přidat tag
Žádné tagy, Buďte první, kdo vytvoří štítek k tomuto záznamu!
|
MARC
| LEADER | 00000nam a2200000Ia 4500 | ||
|---|---|---|---|
| 003 | PI0090 | ||
| 005 | 20240410115600.0 | ||
| 008 | 140116s2001 c a 000 ||s d | ||
| 040 | |c cru CEDI | ||
| 090 | |a PI 90 | ||
| 100 | |a Muñoz Umaña, Flor de María, 1958- |9 1733 | ||
| 245 | |a Proyecto metrológico de alianza estratégica LABCAL-MACNOR-FUNDEVI | ||
| 260 | |a [San José, Costa Rica] : Universidad de Costa Rica, Facultad de Ingeniería, Instituto de Investigaciones en Ingeniería, Laboratorio de Metrología, Normalización y Calidad |c 2001 | ||
| 300 | |a 44 hojas | ||
| 500 | |a INFORME FINAL No. 731-97-009 | ||
| 700 | |a Arias Leitón, Sergio, 1974- |9 2937 | ||
| 942 | |c PI |h PI-90 |i PI0090 |6 PI_90_PI0090 | ||
| 999 | |c 13229 |d 13229 | ||
